000 01146nam a2200349 i 4500
001 2858
003 KOSZ 005
005 20221021085905.0
008 000419s1978 pl a f f |001 0 pol
015 _aPB 1979/937
040 _aWA N
_cWA N
_dKOSZ 005/HR
041 0 _apol
046 _k1978
080 _a621.9
080 _a(07)
100 1 _aPolański, Zbigniew
_d(1933- )
_eAutor
245 1 0 _aWykrawanie :
_bpodstawy teoretyczne i metody rozwojowe /
_cZbigniew Polański.
260 _aWarszawa :
_bWydawnictwa Naukowo-Techniczne,
_c1978.
300 _a207, [1] s. :
_bil., tab., wykr. ;
_c24 cm.
336 _2rdacontent
_aTekst
_btxt
337 _2rdamedia
_aBez urządzenia pośredniczącego
_bn
338 _2rdacarrier
_aWolumin
_bnc
380 _aKsiążki
388 _a1901-2000
388 _a1945-1989
504 _aBibliogr. s. 201-204. - Indeks.
650 4 _aCięcie metali
658 _aInżynieria i technika
710 2 _aWydawnictwa Naukowo-Techniczne
_4pbl.
856 _uhttp://koha.tu.koszalin.pl/cgi-bin/koha/opac-detail.pl?biblionumber=2858
_yKatalog online BPK
942 _2UKD
_cKS
999 _c2858
_d2858